Statistiques concernant FC Lorient - Effectif 2023/2024

Cliquez ici pour prendre le quiz!

Statistiques générales

  • Ce quiz a été pris 114 fois
  • Le résultat moyen est 20 sur 31

Statistiques - réponses

PostePaysJoueur% Correct
EntraineurFranceRégis Le Bris
97%
MFranceThéo Le Bris
97%
GSuisseYvon Mvogo
95%
DFranceBenjamin Mendy
92%
DSénégalFormose Mendy
92%
DTunisieMontassar Talbi
86%
DFranceJulien Laporte
82%
MFranceLaurent Abergel
81%
AFranceEli Junior Kroupi
78%
DRépublique Démocratique du CongoGédéon Kalulu
77%
ABéninAiyegun Tosin
75%
ASénégalBamba Dieng
75%
AAutricheAdrian Grbić
74%
DFranceVincent Le Goff
70%
MNigériaBonke Innocent
69%
DFranceIsaak Touré
69%
MFranceRomain Faivre
68%
MFranceTiémoué Bakayoko
67%
GSénégalAlfred Gomis
65%
ANorvègeJoel Mvuka
64%
MFranceJulien Ponceau
64%
DCamerounDarlin Yongwa
61%
AFranceSiriné Doucouré
50%
MFranceJean-Victor Makengo
48%
MFranceAyman Kari
45%
GRépublique centrafricaineDominique Youfeigane
40%
DGuinéeDembo Sylla
39%
AFrancePablo Pagis
36%
DFranceLoris Mouyokolo
32%
MFranceQuentin Boisgard
27%
DBrésilIgor Carioca
23%

Distribution des résultats

Percentile par nombre de réponses

% des personnes avec chaque résultat

Votre développement - résultats

Vous n’avez pas pris ce quiz